[Event "USA-chT Amateur East"]
[Site "Parsippany"]
[Date "2008.02.17"]
[Round "4"]
[White "Katz, Benjamin"]
[Black "Dzindzichashvili, Roman"]
[Result "0-1"]
[WhiteElo "2081"]
[BlackElo "2542"]
[PlyCount "80"]
[EventDate "2008.02.16"]
[EventType "team"]
[EventRounds "6"]
[EventCountry "USA"]
[SourceTitle "CBM 123 Extra"]
[Source "ChessBase"]
[SourceDate "2008.05.06"]
[SourceVersion "1"]
[SourceVersionDate "2008.05.06"]
[SourceQuality "1"]

1. e4 c5 2. Nf3 g6 3. d4 cxd4 4. Nxd4 Nc6 5. g3 Bg7 6. Ne2 h5 7. h3 Nf6 8. Bg2 d6 9. Nbc3 Bd7 10. b3 a6 11. Bb2 g5 12. Nd5 e6 13. Ne3 Qa5+ 14. c3 Qc7 15. Ba3 Bf8 16. Nc4 d5 17. Bxf8 Rxf8 18. exd5 exd5 19. Ne3 Be6 20. Nd4 0-0-0 21. Nxe6 fxe6 22. 0-0 h4 23. g4 Ne5 24. Rc1 Ng6 25. Nc2 Nf4 26. Nd4 Kb8 27. Re1 Ne4 28. Rc2 Nxg2 29. Nxe6 Nxe1 30. Nxc7 Nxc2 31. Ne6 Rxf2 32. Nxd8 Rg2+ 33. Kxg2 Ne3+ 34. Kf3 Nxd1 35. c4 dxc4 36. Kxe4 Nf2+ 37. Kd4 Nxh3 38. Nf7 cxb3 39. axb3 Nf2 40. Nxg5 h3 0-1

[Event "Dos Hermanas Internet f 3rd"]
[Site "ICC INT"]
[Date "2002.03.22"]
[Round "2.1"]
[White "Dzindzichashvili, Roman"]
[Black "Kiriakov, Petr"]
[Result "1-0"]
[WhiteElo "2542"]
[BlackElo "2555"]
[PlyCount "79"]
[EventDate "2002.03.22"]
[EventType "k.o."]
[EventRounds "5"]
[EventCountry "ESP"]
[SourceTitle "CBM 087 Extra"]
[Source "ChessBase"]
[SourceDate "2002.05.03"]
[SourceVersion "2"]
[SourceVersionDate "2002.08.09"]
[SourceQuality "1"]

1. c4 Nf6 2. Nc3 e6 3. d4 Bb4 4. e3 c5 5. Nge2 cxd4 6. exd4 0-0 7. a3 Be7 8. d5 exd5 9. cxd5 Re8 10. d6 Bf8 11. g3 b6 12. Bg2 Nc6 13. 0-0 Ba6 14. b4 Bc4 15. Re1 Rc8 16. Bf4 Ne5 17. Qd4 Nd3 18. Red1 Nxf4 19. Nxf4 Bb3 20. Rdc1 g5 21. Nfd5 Nxd5 22. Nxd5 Rxc1+ 23. Rxc1 Bg7 24. Qd3 Bxd5 25. Bxd5 Qf6 26. Rc7 Rd8 27. Rxa7 Kh8 28. Qe3 Qxd6 29. Qxg5 Rf8 30. Qf5 Qe5 31. Qxe5 Bxe5 32. Rxd7 Kg7 33. a4 Bc3 34. Rb7 Bxb4 35. Rxb6 Bc5 36. Rb7 Kg6 37. a5 f5 38. a6 Rf6 39. Rc7 Bb6 40. a7 1-0

[Event "Dos Hermanas Internet f 3rd"]
[Site "ICC INT"]
[Date "2002.03.22"]
[Round "1.1"]
[White "Nakamura, Hikaru"]
[Black "Dzindzichashvili, Roman"]
[Result "0-1"]
[WhiteElo "2430"]
[BlackElo "2542"]
[PlyCount "136"]
[EventDate "2002.03.22"]
[EventType "k.o."]
[EventRounds "5"]
[EventCountry "ESP"]
[SourceTitle "CBM 087 Extra"]
[Source "ChessBase"]
[SourceDate "2002.05.03"]
[SourceVersion "2"]
[SourceVersionDate "2002.08.09"]
[SourceQuality "1"]

1. e4 d6 2. d4 Nf6 3. Nc3 c6 4. f4 Bg4 5. Be2 Bxe2 6. Qxe2 e6 7. Nf3 Be7 8. 0-0 0-0 9. e5 Nfd7 10. Ne4 d5 11. Ng3 c5 12. c3 g6 13. f5 gxf5 14. Bh6 Re8 15. Nh5 Nf8 16. Ng7 Nc6 17. Nxe8 Qxe8 18. Be3 Ng6 19. g3 Rc8 20. h4 Kh8 21. dxc5 Qg8 22. Kh2 Qg7 23. Bd4 Rg8 24. Rg1 Nf8 25. b4 Nd7 26. Qe3 a6 27. Raf1 Bd8 28. Re1 Qg4 29. Kh1 Qh3+ 30. Nh2 Bc7 31. Qf4 Rg4 32. Qh6 Nxd4 33. cxd4 Rxd4 34. g4 Rxg4 35. Re3 Qxh4 36. Qxh4 Rxh4 37. Reg3 Rxh2+ 38. Kxh2 Bxe5 39. Kg2 Bxg3 40. Kxg3 Kg7 41. Rc1 Ne5 42. a4 Nd3 43. Rb1 Kf6 44. Kf3 e5 45. Ke3 Nf4 46. b5 axb5 47. axb5 d4+ 48. Kd2 Ke6 49. c6 Kd6 50. Rc1 Kc7 51. b6+ Kc8 52. c7 Nd5 53. Rc5 Nxb6 54. Kd3 f6 55. Rc1 Nd5 56. Kc4 Nxc7 57. Rh1 Kd7 58. Rh6 Ke6 59. Rxh7 Ne8 60. Kc5 Nd6 61. Rh1 f4 62. Rb1 f3 63. Rf1 f2 64. Kb4 Ne4 65. Kc4 f5 66. Kd3 Kd5 67. Rb1 f4 68. Ke2 Nc3+ 0-1

[Event "Dos Hermanas Internet KO"]
[Site "ICC INT"]
[Date "2001.04.06"]
[Round "1.1"]
[White "Vasquez Schroder, Rodrigo Rafael"]
[Black "Dzindzichashvili, Roman"]
[Result "1/2-1/2"]
[WhiteElo "2468"]
[BlackElo "2542"]
[PlyCount "80"]
[EventDate "2001.04.06"]
[EventType "k.o."]
[EventRounds "5"]
[EventCountry "USA"]
[SourceTitle "CBM 081 Extra"]
[Source "ChessBase"]
[SourceDate "2001.05.06"]
[SourceVersion "1"]
[SourceVersionDate "2001.05.06"]
[SourceQuality "1"]

1. e4 d5 2. exd5 Qxd5 3. Nc3 Qa5 4. g3 Nf6 5. Bg2 c6 6. h3 Bf5 7. Nf3 e6 8. 0-0 Nbd7 9. Nh4 Bd6 10. Nxf5 Qxf5 11. d3 0-0 12. Ne4 Be7 13. Qe2 Nxe4 14. dxe4 Qf6 15. f4 Bc5+ 16. Kh2 e5 17. f5 Rfd8 18. h4 Qe7 19. Bg5 f6 20. Bd2 Qf7 21. Rfd1 Nb6 22. b3 Rd7 23. a4 Rad8 24. a5 Nc8 25. Be1 a6 26. Rxd7 Rxd7 27. Rd1 Rxd1 28. Qxd1 Qe7 29. Bf1 Nd6 30. Bd3 Qc7 31. b4 Be3 32. Qf3 Ba7 33. c4 c5 34. b5 axb5 35. cxb5 b6 36. a6 c4 37. Bf1 Nxb5 38. Bb4 Nd4 39. Qh5 h6 40. Qe8+ Kh7 1/2-1/2

[Event "Falconer Finals"]
[Site "San Francisco"]
[Date "1999.07.03"]
[Round "1"]
[White "Dzindzichashvili, Roman"]
[Black "Lobo, Richard"]
[Result "1-0"]
[WhiteElo "2553"]
[BlackElo "2277"]
[PlyCount "37"]
[EventDate "1999.04.??"]
[EventType "swiss"]
[EventRounds "3"]
[EventCountry "USA"]
[SourceTitle "EXT 2002"]
[Source "ChessBase"]
[SourceDate "2001.11.25"]
[SourceVersion "1"]
[SourceVersionDate "2001.11.25"]
[SourceQuality "1"]

1. d4 Nf6 2. c4 e6 3. Nc3 Bb4 4. e3 c5 5. Nge2 cxd4 6. exd4 Ne4 7. a3 Nxc3 8. Nxc3 Bxc3+ 9. bxc3 Qa5 10. Bd2 0-0 11. Bd3 Nc6 12. 0-0 b6 13. Re1 Ba6 14. d5 Ne7 15. Qh5 Ng6 16. Re3 Rac8 17. Rh3 h6 18. Bxh6 Qxc3 19. Rc1 1-0

[Event "San Francisco Bronstein Jubilee"]
[Site "San Francisco"]
[Date "1999.04.07"]
[Round "8"]
[White "Browne, Walter Shawn"]
[Black "Dzindzichashvili, Roman"]
[Result "1-0"]
[WhiteElo "2516"]
[BlackElo "2553"]
[PlyCount "89"]
[EventDate "1999.04.06"]
[EventType "tourn (rapid)"]
[EventRounds "10"]
[EventCountry "USA"]
[EventCategory "13"]
[SourceTitle "CBM 069 Extra"]
[Source "ChessBase"]
[SourceDate "1999.05.10"]
[SourceVersion "1"]
[SourceVersionDate "1999.05.10"]
[SourceQuality "1"]

1. d4 Nf6 2. c4 e6 3. Nf3 Bb4+ 4. Nbd2 b6 5. a3 Bxd2+ 6. Qxd2 Bb7 7. e3 0-0 8. Be2 d6 9. 0-0 Nbd7 10. b4 Ne4 11. Qd3 f5 12. Bb2 Qe7 13. d5 e5 14. Nd2 Nxd2 15. Qxd2 Rae8 16. Rae1 e4 17. f4 exf3 18. Bxf3 Ne5 19. Be2 Bc8 20. h3 Qg5 21. Qd4 Bd7 22. b5 Re7 23. Qf4 Qg6 24. Kh2 Qe8 25. Qg3 Rf6 26. Rf4 Rg6 27. Qf2 Rh6 28. Bd4 g5 29. Rxf5 Bxf5 30. Qxf5 Qg6 31. Qc8+ Re8 32. Qxc7 g4 33. Rf1 Qg5 34. Rf4 gxh3 35. gxh3 Rf6 36. h4 Qh6 37. Bxe5 dxe5 38. Rg4+ Kh8 39. Bd3 Ref8 40. Qxe5 R8f7 41. Bf5 Qf8 42. Be6 Rg7 43. Rf4 Rxf4 44. exf4 Qe7 45. Qb8+ 1-0

[Event "San Francisco Bronstein Jubilee"]
[Site "San Francisco"]
[Date "1999.04.07"]
[Round "6"]
[White "Dzindzichashvili, Roman"]
[Black "Gurevich, Ilya"]
[Result "1/2-1/2"]
[WhiteElo "2553"]
[BlackElo "2580"]
[PlyCount "44"]
[EventDate "1999.04.06"]
[EventType "tourn (rapid)"]
[EventRounds "10"]
[EventCountry "USA"]
[EventCategory "13"]
[SourceTitle "CBM 069 Extra"]
[Source "ChessBase"]
[SourceDate "1999.05.10"]
[SourceVersion "1"]
[SourceVersionDate "1999.05.10"]
[SourceQuality "1"]

1. Nf3 Nf6 2. c4 g6 3. Nc3 d5 4. cxd5 Nxd5 5. Qa4+ Bd7 6. Qh4 Nxc3 7. Qd4 f6 8. Qxc3 e5 9. d3 Nc6 10. a3 Bg4 11. e3 Bxf3 12. gxf3 Qd5 13. Be2 a5 14. Bd2 Bd6 15. Rc1 a4 16. Qc4 Qxc4 17. Rxc4 Kd7 18. 0-0 b5 19. Rc2 Rhb8 20. Rfc1 Na5 21. Bxa5 Rxa5 22. Bd1 Ra7 1/2-1/2

[Event "San Francisco Bronstein Jubilee"]
[Site "San Francisco"]
[Date "1999.04.06"]
[Round "4"]
[White "Seirawan, Yasser"]
[Black "Dzindzichashvili, Roman"]
[Result "1/2-1/2"]
[WhiteElo "2643"]
[BlackElo "2553"]
[PlyCount "46"]
[EventDate "1999.04.06"]
[EventType "tourn (rapid)"]
[EventRounds "10"]
[EventCountry "USA"]
[EventCategory "13"]
[SourceTitle "CBM 069 Extra"]
[Source "ChessBase"]
[SourceDate "1999.05.10"]
[SourceVersion "1"]
[SourceVersionDate "1999.05.10"]
[SourceQuality "1"]

1. c4 c5 2. g3 Nc6 3. b3 g6 4. Bb2 Nf6 5. Bxf6 exf6 6. Nc3 Bg7 7. Nh3 0-0 8. Nf4 f5 9. Bg2 d6 10. 0-0 Re8 11. e3 Be5 12. Nfe2 h5 13. h4 a6 14. a3 Bd7 15. b4 b5 16. d4 cxd4 17. exd4 Bg7 18. c5 f4 19. Nxf4 Nxd4 20. Bxa8 Qxa8 21. Ncd5 Bg4 22. Qd3 dxc5 23. bxc5 Nf3+ 1/2-1/2

[Event "USA-ch Gr-A"]
[Site "Denver"]
[Date "1998.11.04"]
[Round "5"]
[White "Dzindzichashvili, Roman"]
[Black "Seirawan, Yasser"]
[Result "1/2-1/2"]
[WhiteElo "2545"]
[BlackElo "2630"]
[PlyCount "33"]
[EventDate "1998.10.31"]
[EventType "tourn"]
[EventRounds "7"]
[EventCountry "USA"]
[EventCategory "13"]
[SourceTitle "CBM 068"]
[Source "ChessBase"]
[SourceDate "1999.02.01"]
[SourceVersion "1"]
[SourceVersionDate "1999.02.01"]
[SourceQuality "1"]

1. d4 Nf6 2. c4 e6 3. Nf3 b6 4. Bg5 Bb7 5. e3 h6 6. Bh4 Be7 7. Nc3 Ne4 8. Bxe7 Qxe7 9. Nxe4 Bxe4 10. Be2 0-0 11. 0-0 d6 12. Nd2 Bb7 13. Bf3 Bxf3 14. Qxf3 Nd7 15. Qc6 Nf6 16. Rfd1 Qd7 17. Qxd7 1/2-1/2

[Event "USA-ch Gr-A"]
[Site "Denver"]
[Date "1998.11.01"]
[Round "2"]
[White "Gurevich, Dmitry"]
[Black "Dzindzichashvili, Roman"]
[Result "1/2-1/2"]
[WhiteElo "2505"]
[BlackElo "2545"]
[PlyCount "54"]
[EventDate "1998.10.31"]
[EventType "tourn"]
[EventRounds "7"]
[EventCountry "USA"]
[EventCategory "13"]
[SourceTitle "CBM 068"]
[Source "ChessBase"]
[SourceDate "1999.02.01"]
[SourceVersion "1"]
[SourceVersionDate "1999.02.01"]
[SourceQuality "1"]

1. d4 Nf6 2. c4 e6 3. Nf3 Bb4+ 4. Bd2 Qe7 5. g3 Nc6 6. Bg2 Bxd2+ 7. Nbxd2 d6 8. 0-0 0-0 9. Rc1 e5 10. d5 Nb8 11. e4 a5 12. Ne1 Na6 13. Nd3 c6 14. a3 Bd7 15. Re1 cxd5 16. exd5 Bf5 17. Ne4 Bxe4 18. Bxe4 Nxe4 19. Rxe4 f5 20. Re1 Qf7 21. f3 Rfe8 22. b3 b6 23. b4 axb4 24. axb4 e4 25. fxe4 fxe4 26. Nf4 Nxb4 27. Rb1 Nd3 1/2-1/2

[Event "New York CITS"]
[Site "New York"]
[Date "1996.??.??"]
[Round "4"]
[White "Adams, Michael"]
[Black "Dzindzichashvili, Roman"]
[Result "1/2-1/2"]
[WhiteElo "2660"]
[BlackElo "2545"]
[PlyCount "62"]
[EventDate "1996.03.??"]
[EventType "tourn"]
[EventRounds "11"]
[EventCountry "USA"]
[EventCategory "13"]
[SourceTitle "CBM 052"]
[Source "ChessBase"]
[SourceDate "1996.06.01"]
[SourceVersion "1"]
[SourceVersionDate "1996.06.01"]
[SourceQuality "1"]

1. e4 c5 2. Nf3 d6 3. d4 cxd4 4. Nxd4 Nf6 5. Nc3 Nc6 6. Bg5 e6 7. Qd2 a6 8. 0-0-0 h6 9. Be3 Be7 10. f4 Bd7 11. Kb1 b5 12. Bd3 Qc7 13. Nf3 Ng4 14. Bg1 0-0 15. h3 Nf6 16. Bh2 b4 17. Ne2 Qb7 18. g4 d5 19. Ng3 Na5 20. Rhe1 dxe4 21. Nxe4 Nxe4 22. Bxe4 Bc6 23. Bxc6 Nxc6 24. Qg2 Rad8 25. Nd4 Na5 26. Qxb7 Nxb7 27. Nc6 Rxd1+ 28. Rxd1 Bd6 29. Bg1 f5 30. gxf5 exf5 31. Be3 Re8 1/2-1/2

[Event "New York CITS"]
[Site "New York"]
[Date "1996.??.??"]
[Round "9"]
[White "Dzindzichashvili, Roman"]
[Black "Sunye Neto, Jaime"]
[Result "0-1"]
[WhiteElo "2545"]
[BlackElo "2505"]
[PlyCount "98"]
[EventDate "1996.03.??"]
[EventType "tourn"]
[EventRounds "11"]
[EventCountry "USA"]
[EventCategory "13"]
[SourceTitle "CBM 052"]
[Source "ChessBase"]
[SourceDate "1996.06.01"]
[SourceVersion "1"]
[SourceVersionDate "1996.06.01"]
[SourceQuality "1"]

1. c4 Nf6 2. Nf3 c5 3. g3 b6 4. Bg2 Bb7 5. 0-0 d6 6. Nc3 Nbd7 7. Re1 e6 8. e4 a6 9. d4 cxd4 10. Nxd4 Qc7 11. b3 Be7 12. Bb2 0-0 13. Rc1 Rac8 14. f4 Rfd8 15. f5 e5 16. Nd5 Nxd5 17. cxd5 Nc5 18. Nf3 Qb8 19. g4 Nd7 20. g5 f6 21. h4 b5 22. Qe2 Rc7 23. Rxc7 Qxc7 24. Rc1 Qb6+ 25. Qf2 Qxf2+ 26. Kxf2 Rc8 27. Rxc8+ Bxc8 28. Bc1 Bd8 29. h5 Nc5 30. Ne1 fxg5 31. Be3 Bb6 32. b4 Na4 33. Bxb6 Nxb6 34. Nf3 h6 35. Nd2 Nd7 36. Nf1 Nf6 37. Ng3 Bd7 38. Bf3 Be8 39. Be2 Kf8 40. Kg2 g4 41. Kf2 Ke7 42. a3 Kd8 43. Kg2 Bxh5 44. Nxh5 Nxh5 45. Bxg4 Nf4+ 46. Kg3 Ke7 47. f6+ Kxf6 48. Kf3 Nd3 49. Bc8 Ne1+ 0-1

[Event "World op 24th"]
[Site "Philadelphia"]
[Date "1996.??.??"]
[Round "?"]
[White "Dzindzichashvili, Roman"]
[Black "Young, Angelo"]
[Result "0-1"]
[WhiteElo "2545"]
[BlackElo "2415"]
[PlyCount "70"]
[EventDate "1996.06.29"]
[EventType "swiss"]
[EventRounds "9"]
[EventCountry "USA"]
[SourceTitle "EXT 2001"]
[Source "ChessBase"]
[SourceDate "2000.11.22"]
[SourceVersion "1"]
[SourceVersionDate "2000.11.22"]
[SourceQuality "1"]

1. d4 d5 2. c4 c6 3. cxd5 cxd5 4. Nc3 Nf6 5. Nf3 Nc6 6. Bf4 Ne4 7. e3 Nxc3 8. bxc3 g6 9. Ne5 Nxe5 10. Bxe5 f6 11. Bg3 Bg7 12. Be2 0-0 13. Qb3 b6 14. 0-0 e6 15. a4 Rf7 16. a5 bxa5 17. Qa4 Bf8 18. Qxa5 Qxa5 19. Rxa5 Be7 20. Rb1 Bd8 21. Ra2 a5 22. c4 Rb7 23. Rc1 Kf7 24. Rac2 Bd7 25. cxd5 exd5 26. Bf3 Be6 27. e4 Rd7 28. Rc5 dxe4 29. Bxe4 Ra6 30. d5 Bf5 31. Bxf5 gxf5 32. d6 a4 33. Rc7 Bxc7 34. dxc7 Rc6 35. Ra1 Rd4 0-1

[Event "New York op"]
[Site "New York"]
[Date "1996.??.??"]
[Round "8"]
[White "Fedorowicz, John P"]
[Black "Dzindzichashvili, Roman"]
[Result "0-1"]
[WhiteElo "2515"]
[BlackElo "2545"]
[PlyCount "88"]
[EventDate "1996.05.??"]
[EventType "swiss"]
[EventRounds "9"]
[EventCountry "USA"]
[SourceTitle "EXT 1999"]
[Source "ChessBase"]
[SourceDate "1998.11.16"]
[SourceVersion "1"]
[SourceVersionDate "1998.11.16"]
[SourceQuality "1"]

1. e4 c5 2. Nf3 d6 3. d4 cxd4 4. Nxd4 Nf6 5. Nc3 Nc6 6. Bg5 e6 7. Qd2 a6 8. 0-0-0 h6 9. Be3 Be7 10. f4 Bd7 11. Be2 Qc7 12. g4 b5 13. g5 hxg5 14. fxg5 b4 15. Nd5 exd5 16. gxf6 Bxf6 17. Nxc6 Qxc6 18. exd5 Qa4 19. Kb1 Rc8 20. Rdf1 Be5 21. Bf4 Bf5 22. Bd3 Bxd3 23. Qxd3 Rh3 24. Qf5 Qd7 25. Qe4 Rh4 26. Qe3 f6 27. Bxe5 dxe5 28. Rd1 Qd6 29. Rd2 Rcc4 30. Rhd1 Kf7 31. b3 Rc3 32. Qa7+ Rc7 33. Qf2 Rf4 34. Qe2 a5 35. Rf1 Rxf1+ 36. Qxf1 g6 37. Rf2 f5 38. Qh1 f4 39. h4 Rd7 40. h5 g5 41. Rd2 Kg7 42. Qe4 Kh6 43. Rd4 Rf7 44. Rd3 g4 0-1

[Event "USA-ch"]
[Site "Parsippany"]
[Date "1996.??.??"]
[Round "9"]
[White "Kaidanov, Gregory S"]
[Black "Dzindzichashvili, Roman"]
[Result "1-0"]
[WhiteElo "2580"]
[BlackElo "2545"]
[PlyCount "83"]
[EventDate "1996.07.13"]
[EventType "tourn"]
[EventRounds "13"]
[EventCountry "USA"]
[EventCategory "12"]
[SourceTitle "CBM 055"]
[Source "ChessBase"]
[SourceDate "1996.12.01"]
[SourceVersion "1"]
[SourceVersionDate "1996.12.01"]
[SourceQuality "1"]

1. e4 d5 2. exd5 Qxd5 3. Nf3 Bg4 4. Be2 Nf6 5. d4 e6 6. h3 Bh5 7. 0-0 Be7 8. c4 Qd8 9. Qb3 Qc8 10. Nc3 0-0 11. Rd1 Nbd7 12. Be3 a6 13. d5 exd5 14. Nxd5 Nxd5 15. cxd5 Bd6 16. Rac1 Re8 17. Nd4 Nc5 18. Qc4 Bxe2 19. Qxe2 Ne4 20. Qf3 g6 21. Ne2 Qd8 22. Rc2 Qf6 23. Bd4 Qxf3 24. gxf3 Ng5 25. Kg2 f5 26. Be3 Nf7 27. Nf4 Re7 28. Nd3 Rd8 29. Bd4 Rde8 30. Nc5 Bxc5 31. Rxc5 b6 32. Rc3 Rd7 33. Be3 c5 34. Rb3 f4 35. Bxf4 b5 36. Re3 Kf8 37. Ra3 Red8 38. d6 Ra8 39. Rd5 b4 40. Ra4 Rc8 41. Be3 c4 42. Rxb4 1-0

[Event "New York CITS"]
[Site "New York"]
[Date "1996.??.??"]
[Round "11"]
[White "Serper, Grigory"]
[Black "Dzindzichashvili, Roman"]
[Result "1/2-1/2"]
[WhiteElo "2540"]
[BlackElo "2545"]
[PlyCount "85"]
[EventDate "1996.03.??"]
[EventType "tourn"]
[EventRounds "11"]
[EventCountry "USA"]
[EventCategory "13"]
[SourceTitle "CBM 052"]
[Source "ChessBase"]
[SourceDate "1996.06.01"]
[SourceVersion "1"]
[SourceVersionDate "1996.06.01"]
[SourceQuality "1"]

1. c4 g6 2. d4 Bg7 3. e4 d6 4. Nc3 Nf6 5. Nge2 c5 6. dxc5 dxc5 7. Qxd8+ Kxd8 8. e5 Nfd7 9. f4 f6 10. exf6 Nxf6 11. g3 Bd7 12. Be3 Bc6 13. 0-0-0+ Nbd7 14. Rg1 Ke8 15. g4 Kf7 16. g5 Ne8 17. Bh3 Nd6 18. Bxd7 Bxd7 19. Bxc5 Rac8 20. Bxd6 exd6 21. Ne4 Rxc4+ 22. N2c3 Rc7 23. Nxd6+ Kf8 24. Rd3 h6 25. Rg2 hxg5 26. fxg5 Rh3 27. Rf2+ Kg8 28. Rxh3 Bxh3 29. Ne8 Rc5 30. Nxg7 Kxg7 31. Rf3 Be6 32. h4 Bxa2 33. b4 Rc8 34. Kd2 Bc4 35. Rf4 Rd8+ 36. Kc2 Be6 37. Nb5 a6 38. Nd4 Bf7 39. Nf3 Re8 40. Kc3 b6 41. Kd4 Rd8+ 42. Kc3 Rc8+ 43. Kd3 1/2-1/2

[Event "USA-ch"]
[Site "Parsippany"]
[Date "1996.??.??"]
[Round "1"]
[White "Shabalov, Alexander"]
[Black "Dzindzichashvili, Roman"]
[Result "1/2-1/2"]
[WhiteElo "2565"]
[BlackElo "2545"]
[PlyCount "38"]
[EventDate "1996.07.13"]
[EventType "tourn"]
[EventRounds "13"]
[EventCountry "USA"]
[EventCategory "12"]
[SourceTitle "CBM 055"]
[Source "ChessBase"]
[SourceDate "1996.12.01"]
[SourceVersion "1"]
[SourceVersionDate "1996.12.01"]
[SourceQuality "1"]

1. e4 c5 2. c3 d5 3. exd5 Qxd5 4. d4 Nf6 5. Nf3 Bg4 6. Nbd2 cxd4 7. Bc4 Qd7 8. Qb3 e6 9. Ne5 Qc7 10. Bb5+ Nc6 11. Ndc4 Bc5 12. Bf4 0-0 13. Bxc6 bxc6 14. h3 Bf5 15. Ng6 e5 16. Bxe5 Rfe8 17. 0-0 Qd7 18. cxd4 Bxd4 19. Rad1 c5 1/2-1/2